বাঙ্গালীর ইতিহাস : (Record no. 39464)
[ view plain ]
| 000 -LEADER | |
|---|---|
| fixed length control field | 00911nam a2200241 a 4500 |
| 001 - CONTROL NUMBER | |
| control field | 39464 |
| 003 - CONTROL NUMBER IDENTIFIER | |
| rucl marc code | BD-RjUL |
| 005 - DATE AND TIME OF LATEST TRANSACTION | |
| control field | 20211209053009.0 |
| 008 - FIXED-LENGTH DATA ELEMENTS--GENERAL INFORMATION | |
| fixed length control field | 160411s2013 bg ||||| |||| 00| 0 ben d |
| 020 ## - INTERNATIONAL STANDARD BOOK NUMBER | |
| International Standard Book Number | 8170792703 |
| Terms of availability | : TK.1210.00 |
| 035 ## - SYSTEM CONTROL NUMBER | |
| System control number | (BD-RjUL)39577 |
| 040 ## - CATALOGING SOURCE | |
| Original cataloging agency | BD-RjUL |
| Language of cataloging | ben |
| Transcribing agency | BD-RjUL |
| 041 ## - LANGUAGE CODE | |
| Language code of text/sound track or separate title | ben |
| 082 ## - DEWEY DECIMAL CLASSIFICATION NUMBER | |
| Edition number | 23 |
| Classification number | 954.14 |
| Author mark and year | ROB 2013 |
| 100 ## - MAIN ENTRY--PERSONAL NAME | |
| Personal name | রায়, নীহাররঞ্জন |
| 9 (RLIN) | 117407 |
| 245 ## - TITLE STATEMENT | |
| Title | বাঙ্গালীর ইতিহাস : |
| Remainder of title | আদিপর্ব / |
| Statement of responsibility, etc. | নীহাররঞ্জন রায় |
| 250 ## - EDITION STATEMENT | |
| Edition statement | ৮ম সং. |
| 260 ## - PUBLICATION, DISTRIBUTION, ETC. (IMPRINT) | |
| Place of publication, distribution, etc. | কলকাতা : |
| Name of publisher, distributor, etc. | দে'জ পাবলিশিং, |
| Date of publication, distribution, etc. | ২০১৩. |
| 300 ## - PHYSICAL DESCRIPTION | |
| Pagination | ৭৮৮ পৃ. : |
| Illustrations | মানচিত্র ; |
| Size | ২১ সেমি. |
| 650 ## - SUBJECT ADDED ENTRY--TOPICAL TERM | |
| Topical term or geographic name as entry element | বেঙ্গল (ভারত) |
| Form subdivision | ইতিহাস |
| 9 (RLIN) | 117408 |
| Topical term or geographic name as entry element | Bengal (India) |
| Form subdivision | History. |
| 9 (RLIN) | 117409 |
| 942 ## - ADDED ENTRY ELEMENTS (KOHA) | |
| Source of classification or shelving scheme | Dewey Decimal Classification |
| Koha item type | Books |
| Lost status | Source of classification or shelving scheme | Damaged status | Not for loan | Collection code | Permanent Location | Current Location | Shelving location | Date acquired | Source of acquisition | Cost, normal purchase price | Total Checkouts | Full call number | Date last seen | Copy number | Koha item type | Date checked out | Total Renewals |
|---|---|---|---|---|---|---|---|---|---|---|---|---|---|---|---|---|---|
| Dewey Decimal Classification | Not For Loan | Non-fiction | Central Library, University of Rajshahi | Central Library, University of Rajshahi | Reading Room | 05/07/2015 | Batighor, Chattogram | 1210.00 | B 954.14 ROB 2013 | 11/04/2016 | C-1 | Books | |||||
| Dewey Decimal Classification | Non-fiction | Central Library, University of Rajshahi | Central Library, University of Rajshahi | 05/07/2015 | Batighor, Chattogram | 1210.00 | 10 | B 954.14 ROB 2013 | 28/10/2024 | C-2 | Books | 07/10/2024 | |||||
| Dewey Decimal Classification | Non-fiction | Central Library, University of Rajshahi | Central Library, University of Rajshahi | 05/07/2015 | Batighor, Chattogram | 1210.00 | 13 | B 954.14 ROB 2013 | 17/04/2024 | C-3 | Books | 21/03/2024 |